000 00816cam a22002531 4500
001 sa 65010128
003 DLC
005 20260227112206.0
008 940602s1964 ii ac 000 0 kano
010 _asa 65010128
025 _aPL480:I-Kan-563
035 _a(OCoLC)30538652
040 _aDLC
_cCU
_dCU
_dDLC
042 _apremarc
050 0 0 _aML410.S8
_bS7
100 0 _aŚrī Purandarōtsava mattu Akhila Karnāṭaka Kīrtanakārara Sammēḷana Samiti.
245 1 0 _aŚrī Purandarōtsava mattu Akhila Karnāṭaka Kīrtanakārara Sammēḷanada divyanenahu.
260 _c1964.
300 _a100 p. (p. 95-100 advertisements)
_bill., ports.
_c24 cm.
500 _aIn Kannada.
600 0 0 _aPurandaradāsa,
_d1484-1564.
700 1 _aAcyutadāsa, Bhadragiri.
700 1 _aKēśavadāsa, Bhadragiri.
999 _c66563
_d66563